Ninjago Elements - Statistics

General Stats
  • This quiz has been taken 735 times
    24 since last reset
  • The average score is 22 of 44
Answer Stats
Source User Answer % Correct
Source Dragon of Motion Kai Fire
96%
Source Dragon of Focus Zane Ice
96%
Source Dragon of Energy Mr. Pale Light
96%
Source Dragon of Strength Cole Earth
92%
Source Dragon of Energy Jay Lightning
92%
Source Dragon of Flow Nya Water
92%
Source Dragon of Flow Eurphrasia (Formally Morro) Wind
88%
Source Dragon of Life Lloyd Garmadon Life
83%
Source Dragon of Flow Cinder (Formally Ash) Smoke
79%
Source Dragon of Focus Sora (Ana) Technology
71%
Source Dragon of Flow Acronix and Krux Time
71%
Source Dragon of Balance Skylor Amber
67%
Elemental Essence Sensei Wu Creation
67%
Elemental Essence Lord Garmadon Destruction
67%
Source Dragon of Focus Neuro Mind
67%
Source Dragon of Life Tox Poison
67%
Source Dragon of Motion Griffin Turner Speed
67%
Source Dragon of Life Bolobo Nature
63%
Elemental Essence Overlord Darkness
58%
Source Dragon of Energy Wyldfyre Heat
58%
Source Dragon of Balance Obscuria (Formally Shade) Shadow
58%
Source Dragon of Strength Gravis Gravity
54%
Source Dragon of Strength Karlof Metal
54%
Source Dragon of Motion Frak Quake
54%
Source Dragon of Flow Chamille Form
42%
Source Dragon of Strength Geo Fusion
42%
Source Dragon of Motion Teelk (Formally Jacob Pevsner) Sound
42%
Thunderfang Kur Decay
38%
Source Dragon of Balance Kizzy Balance
33%
Source Dragon of Life Zant-Tanz Plants
33%
Elemental Essence First Spinjitsu Master & Lloyd Golden Power
29%
Source Dragon of Motion Zeatrix Shockwave
29%
Source Dragon of Life Gorge Size
29%
Thunderfang Nokt Brute Force
25%
Thunderfang Rox Fear
25%
Thunderfang Zarkt Misfortune
25%
Source Dragon of Focus Zur Reflex
25%
Thunderfang Drix Swarm
25%
Source Dragon of Focus Algu Figment
13%
Source Dragon of Strength Mord Surface Tension
13%
Other Unnamed Man Portals
8%
Source Dragon of Energy Arccrack Propulsion
8%
Other Neido (Non Canon) Imagination
4%
Other Unnamed Frog Kismet
4%
No matching quizzes found
Score Distribution
Percent of People with Each Score
Percentile by Number Answered
Your Score History
You have not taken this quiz since the last reset